=LDR 00000nam 2200000 4500 =001 NUTBA000000000004749 =005 20140926111932.0 =006 =007 =008 =035 ##$$a 0010-091400000000782 =082 ##$$a 371.02 =090 ##$$a 371.02 Ari m =100 ##$$a Saadudin jambek =245 ##$$a Shalat dan Puasa di Daerah Kutub =260 ##$$a Jakarta $b Bulan Bintang =300 ##$$a 44 hlm $c 20 cm =990 ##$$a nbpnmat =990 ##$$a 0001/BPAP-NTB/20142014